000 00362 a2200157 4500
001 61116
020 _a9783468471032
040 _cAnchieta - Pituba
100 _aFröhlich, Birgitta
240 1 0 _aGeni@l Klick
_lpor
245 1 0 _aGeni@l Klick
300 _a192
362 0 _a2011
650 4 _aLínguas germânicas (teutônicas) língua alemã
942 _cBK
999 _c61116
_d61116